[Event "IBM-B"]
[Site "Amsterdam"]
[Date "1971.??.??"]
[Round "8"]
[White "Hecht, Hans Joachim"]
[Black "Ghitescu, Theodor"]
[Result "1-0"]
[WhiteElo "2470"]
[BlackElo "2460"]

1.e4 c5 2.Nf3 Nc6 3.Bb5 g6 4.O-O Bg7 5.Re1 e5 6.Bxc6 dxc6 7.d3 Ne7 8.Nbd2 O-O
9.Nc4 Qc7 10.Be3 b6 11.a4 Be6 12.a5 Rfd8 13.Qe2 h6 14.Ra3 Rab8 15.axb6 axb6
16.Rea1 Nc8 17.Ra6 Kh7 18.h3 f6 19.Nfd2 Nd6 20.Nxd6 Qxd6 21.b3 Rb7 22.Qe1 f5
23.f3 f4 24.Bf2 Bf6 25.Ra8 Qc7 26.R8a6 g5 27.Kf1 h5 28.Ke2 Kg6 29.Qc1 g4
30.hxg4 hxg4 31.fxg4 Bxg4+ 32.Nf3 Rh8 33.Ra8 Qh7 34.Rxh8 Qxh8 35.Qa3 Qc8
36.Qa8 Rb8 37.Qa7 Rb7 38.Qa6 Qc7 39.Kd2 Kg7 40.Qa8 Bh5 41.g4 fxg3 42.Rg1 Rb8
43.Rxg3+ Kf7 44.Qa2 Ke7 45.Rh3 Bf7 46.Qa1 Rg8 47.Bg3 Ke6 48.Qf1 Bg6 49.Bh4 Qg7
50.Bg5 Rh8 51.Bxf6 Kxf6 52.Nxe5+  1-0

[Event "DEN-ch"]
[Site "Hjorring"]
[Date "1971.??.??"]
[Round "6"]
[White "Petersen, Finn"]
[Black "Bjerre, Troels"]
[Result "1/2-1/2"]
[WhiteElo "2340"]
[BlackElo "2320"]

1.e4 c5 2.Nf3 Nc6 3.Bb5 e6 4.O-O Nge7 5.Re1 a6 6.Bf1 d5 7.d3 d4 8.e5 Ng6
9.g3 Qc7 10.Qe2 b5 11.Bg2 Bb7  1/2-1/2

[Event "Mar del Plata"]
[Site "Mar del Plata"]
[Date "1971.??.??"]
[Round "9"]
[White "Schweber, Samuel"]
[Black "Gheorghiu, Florin"]
[Result "1/2-1/2"]
[WhiteElo "2435"]
[BlackElo "2530"]

1.e4 c5 2.Nf3 Nc6 3.Bb5 g6 4.O-O Bg7 5.Re1 Nf6 6.Nc3 O-O 7.e5 Ne8 8.Bxc6 bxc6
9.d3 d6 10.h3 f6 11.exd6 exd6 12.d4 cxd4 13.Nxd4 Bd7 14.Qe2 Rf7 15.Ne6 Bxe6
16.Qxe6 Nc7 17.Qb3 f5 18.Bd2 Rb8 19.Qa3 Qd7 20.Bf4 Bf8 21.Rad1 d5 22.Qxa7 Rxb2
23.Rb1 Rxb1 24.Nxb1 Nb5 25.Qa8 Qb7 26.Re8 Qxa8 27.Rxa8 Ra7 28.Rxa7 Nxa7 29.Kf1 Kf7
30.Ke2 c5 31.c4  1/2-1/2

[Event "Hoogovens-B"]
[Site "Wijk aan Zee"]
[Date "1971.??.??"]
[Round "?"]
[White "Ciocaltea, Victor"]
[Black "Adorjan, Andras"]
[Result "1/2-1/2"]
[WhiteElo "2460"]
[BlackElo "2460"]

1.e4 c5 2.Nf3 Nc6 3.Bb5 g6 4.O-O Bg7 5.c3 Nf6 6.Re1 O-O 7.h3 a6 8.Bf1 e5
9.d3 d5 10.Nbd2 b6 11.a3 a5 12.a4 Re8 13.exd5 Nxd5 14.Nc4 f6 15.Nfd2 Be6
16.Ne4 Qc7 17.Ned6 Red8 18.Nb5 Qd7 19.Qe2 Re8 20.Nbd6 Re7 21.Qe4 Rd8 22.Qh4 g5
23.Qh5 Qc7 24.Ne4 h6 25.h4 Nf4 26.Bxf4 exf4 27.Qg6 Rf7 28.hxg5 hxg5 29.Na3 Ne5
30.Qh5 Bg4 31.Qh2 Bh8 32.Qh6 Qe7 33.d4 Bg7 34.Qh2 cxd4 35.cxd4 Rxd4 36.Nb5 Rd8
37.Rac1 Bh8 38.Rc7 Bd7 39.Qh5 Rh7  1/2-1/2

[Event "Hoogovens-B"]
[Site "Wijk aan Zee"]
[Date "1971.??.??"]
[Round "?"]
[White "Timman, Jan H"]
[Black "Jansa, Vlastimil"]
[Result "1/2-1/2"]
[WhiteElo "2410"]
[BlackElo "2450"]

1.e4 c5 2.Nf3 Nc6 3.Bb5 g6 4.O-O Bg7 5.Re1 e6 6.Bxc6 bxc6 7.e5 f6 8.d3 fxe5
9.Nxe5 Nf6 10.Nc4 O-O 11.Bf4 d5 12.Ne5 Nh5 13.Bc1 Qd6 14.Qe2 Rf5 15.Ng4 Nf4
16.Bxf4 Qxf4 17.g3 Qb8 18.c3 h5 19.Ne3 Rf7 20.Qc2 Bd7 21.Nd2 e5 22.c4 Qd6
23.Nb3 Rc8 24.Re2 d4 25.Ng2 Bg4 26.Ree1 Rcf8 27.Rf1 e4 28.Rae1 exd3 29.Qxd3 Bf5
30.Qd2 Kh7 31.Nc1 d3 32.Re3 Bh6 33.f4 Bg7 34.Kh1 Re7 35.Rfe1 Rfe8 36.Rxe7 Rxe7
37.Rxe7 Qxe7 38.Nxd3 Qd6 39.Nge1 Qd4 40.Kg2 Be4+ 41.Kf1 Qxc4 42.Qe2 Bf5 43.Ne5 Bh3+
44.Kf2 Qd4+ 45.Kf3 c4 46.Qf2 Qd5+ 47.Ke2 c3 48.bxc3 Qxa2+ 49.Ke3 Qa5 50.Kd2 Qa2+
51.Ke3 Qa5 52.Kd2 Qd5+ 53.N1d3 a5 54.c4 Qe4 55.Qe3 Qg2+ 56.Qe2 Qh1 57.Nf2 Qg2
58.Nxh3 Qxh3 59.Kc2 h4 60.Nf3 Qf5+ 61.Qd3 Qf6 62.Ne5 hxg3 63.hxg3 Qe6 64.Qe4 Bxe5
65.fxe5 Kg7 66.g4 a4 67.Qd4 c5 68.Qe4 Kh6 69.Qf4+ Kg7 70.Qe4 Kh6 71.Qe3+ Kg7
72.Qxc5 Qxg4  1/2-1/2

[Event "Islington op"]
[Site "Islington"]
[Date "1972.12.16"]
[Round "2"]
[White "Wright, Daniel"]
[Black "Trangmar, Alan G"]
[Result "1/2-1/2"]
[WhiteElo "2320"]
[BlackElo "2200"]

1.e4 c5 2.Nf3 Nc6 3.Bb5 g6 4.O-O Bg7 5.Re1 Nf6 6.e5 Nd5 7.Nc3 Nxc3 8.dxc3 O-O
9.Bf4 Qb6 10.a4 Rd8 11.Nd2 a6 12.Nc4 Qc7 13.Bxc6 dxc6 14.e6 Rxd1 15.exf7+ Kxf7
16.Bxc7 Rxa1 17.Rxa1 Bf5 18.Ne3 b5 19.g4 Be6 20.Rd1 bxa4 21.Ra1 Ra7 22.Bb6 Rb7
23.Bxc5 Rxb2 24.Rxa4 Bd5 25.f4 Ra2 26.Rxa2 Bxa2 27.Bb4 e5 28.f5 Bh6 29.fxg6+ hxg6
30.Kf2 Bd5 31.h4 Bf4 32.Ke2 Be4 33.Ba5 Ke6 34.c4 Kf6 35.Bd8+ Ke6 36.Ba5 Bxe3
37.Kxe3 Bxc2 38.h5 gxh5 39.gxh5 Kf5 40.Bc3 Bb3 41.h6 Kg6 42.Bxe5 Bxc4 43.Kd4 Bb3
44.Kc5 a5 45.Kxc6 a4 46.Kb5 Kxh6 47.Kb4  1/2-1/2

[Event "Islington op"]
[Site "Islington"]
[Date "1972.12.16"]
[Round "3"]
[White "Mestel, A Jonathan"]
[Black "Webb, Simon"]
[Result "1/2-1/2"]
[WhiteElo "2256"]
[BlackElo "2336"]

1.e4 c5 2.Nf3 Nc6 3.Bb5 g6 4.O-O Bg7 5.Re1 e5 6.Bxc6 bxc6 7.c3 Ne7 8.d4 cxd4
9.cxd4 exd4 10.Nxd4 O-O 11.Nc3 Rb8 12.Nb3 d5 13.exd5 Nxd5 14.Nxd5 cxd5 15.Bf4 Rb6
16.Be5 d4 17.Bxg7 Kxg7 18.Re4 Be6 19.Qxd4+ Qf6 20.Qxf6+ Kxf6 21.f3 Bxb3  1/2-1/2

[Event "Islington op"]
[Site "Islington"]
[Date "1972.12.17"]
[Round "6"]
[White "Sommerville, Johann"]
[Black "Wheeler, GW."]
[Result "0-1"]
[WhiteElo "2184"]
[BlackElo "2024"]

1.e4 c5 2.Nf3 Nc6 3.Bb5 g6 4.O-O Bg7 5.c3 a6 6.Bxc6 bxc6 7.e5 d5 8.exd6 exd6
9.Re1+ Ne7 10.d3 O-O 11.Bg5 f6 12.Qb3+ c4 13.Qxc4+ d5 14.Qc5 fxg5 15.Qxe7 Qb6
16.Qxg5 Qxb2 17.Nbd2 Qxc3 18.Rac1 Qf6 19.Qxf6 Rxf6 20.Re8+ Bf8 21.Rce1 c5
22.Nb3 Rc6 23.R1e7 c4 24.dxc4 dxc4 25.Nbd4 Rb6 26.h3 Rb7 27.Rxc8 Rb1+  0-1

[Event "IBM-B"]
[Site "Amsterdam"]
[Date "1972.??.??"]
[Round "5"]
[White "Cafferty, Bernard"]
[Black "Kraidman, Yair"]
[Result "0-1"]
[WhiteElo "2440"]
[BlackElo "2450"]

1.e4 c5 2.Nf3 Nc6 3.Bb5 g6 4.O-O Bg7 5.Re1 Qb6 6.Nc3 Bxc3 7.Bxc6 Bg7 8.Ba4 Nf6
9.d4 cxd4 10.Bb3 d6 11.e5 dxe5 12.Nxe5 O-O 13.Qf3 Be6 14.Bg5 Bxb3 15.axb3 Qc7
16.Re2 a6 17.Nc4 Rac8 18.Rae1 Rfe8 19.Bf4 Qc6 20.Qxc6 Rxc6 21.Nd6 Rf8 22.Nxb7 Nd5
23.Bg3 Rfc8 24.c4 dxc3 25.bxc3 Bxc3 26.Rd1 Bb4  0-1

[Event "IBM-B"]
[Site "Amsterdam"]
[Date "1972.??.??"]
[Round "9"]
[White "Jongsma, Alexander"]
[Black "Kraidman, Yair"]
[Result "0-1"]
[WhiteElo "2300"]
[BlackElo "2450"]

1.e4 c5 2.Nf3 Nc6 3.Bb5 g6 4.O-O Bg7 5.c3 Nf6 6.Re1 O-O 7.d4 Qb6 8.a4 a6
9.Bf1 cxd4 10.cxd4 d5 11.e5 Ne4 12.Nc3 Rd8 13.Ra3 Bg4 14.Rb3 Qa5 15.Be3 Rd7
16.Qa1 Rc8 17.Rc1 Qd8 18.Ra3 Bf8 19.a5 e6 20.Ra4 Bxf3 21.gxf3 Nxc3 22.bxc3 Rdc7
23.f4 Bh6 24.Qb2 Kh8 25.Kh1 Qh4 26.Qd2 Ne7 27.Bg2 Nf5 28.Rb4 Qh5 29.Qd3 Nh4
30.Bd2 g5 31.fxg5 Bxg5 32.Rb2 Bxd2 33.Rxd2 Qg5 34.f3 Nxg2 35.Rg1 Rxc3 36.Qe2 Rc1
37.Qxg2 Rxg1+  0-1

[Event "Buenos Aires CA"]
[Site "Buenos Aires"]
[Date "1972.??.??"]
[Round "4"]
[White "Schweber, Samuel"]
[Black "Carbone"]
[Result "1-0"]
[WhiteElo "2445"]
[BlackElo "2220"]

1.e4 c5 2.Nf3 Nc6 3.Bb5 d6 4.O-O Bd7 5.c3 Nf6 6.Re1 e6 7.d4 Be7 8.dxc5 dxc5
9.Qe2 a6 10.Bc4 b5 11.e5 bxc4 12.exf6 gxf6 13.Na3 Na5 14.Rd1 Qc7 15.Nxc4 Nxc4
16.Qxc4 Bc6 17.Ne1 Bd6 18.f4 Rg8 19.Be3 O-O-O 20.Qxa6+ Bb7 21.Qb5 Bc6 22.Qa6+ Bb7
23.Qb5 Bc6 24.Qc4 Bd5 25.Rxd5 exd5 26.Qxd5 Rge8 27.Qa8+ Kd7 28.Qf3 Qc6 29.Qf2 Kc8
30.Nf3 Bf8 31.Re1 Rd3 32.Bd2 c4 33.Be3 Re4 34.Bd4 Qe6 35.Rxe4 Qxe4 36.Nd2 Qe6
37.Kf1 Bd6 38.g3 h5 39.Qe2 Qh3+ 40.Ke1 h4 41.Nxc4 Rxd4 42.cxd4 hxg3 43.Nxd6+ Kd7
44.hxg3 Qxg3+ 45.Qf2  1-0

[Event "Esbjerg op"]
[Site "Esbjerg"]
[Date "1972.??.??"]
[Round "5"]
[White "Iskov, Gert"]
[Black "Norby, Peter H"]
[Result "1-0"]
[WhiteElo "2520"]
[BlackElo "2350"]

1.e4 c5 2.Nf3 Nc6 3.Bb5 Qc7 4.Nc3 e6 5.O-O a6 6.Bxc6 bxc6 7.e5 f5 8.b3 Ne7
9.Ba3 Nd5 10.Na4 Qa5 11.d4 cxd4 12.Bxf8 Kxf8 13.Qxd4 Qc7 14.Rad1 Ke8 15.c4 Ne7
16.Rd3 Ra7 17.Rfd1 Ng6 18.Qc5 Rb7 19.Rd6 Ne7 20.Qd4 Rg8 21.Qh4 Rh8 22.Qd4 Rf8
23.Nc5 Ra7 24.Nxe6 dxe6 25.Rd8+ Kf7 26.Ng5+ Kg6 27.Rxf8 Kxg5 28.Qe3+ Kg6
29.Qg3+ Kh6 30.Qh4+ Kg6 31.Rd3 h6 32.Rg3+ Kh7 33.Rxg7+  1-0

[Event "WchT U26"]
[Site "Graz"]
[Date "1972.??.??"]
[Round "9"]
[White "Preissmann, Emmanuel"]
[Black "Tsouros, Georgios"]
[Result "1-0"]
[WhiteElo "2200"]
[BlackElo "2200"]

1.e4 c5 2.Nf3 Nc6 3.Bb5 g6 4.O-O Bg7 5.c3 Nf6 6.Re1 O-O 7.h3 Qb6 8.a4 Na5
9.d4 d6 10.Bg5 a6 11.Bf1 h6 12.Bc1 Ne8 13.Na3 Qb3 14.dxc5 dxc5 15.Be3 Qxb2
16.Bxc5 Qxc3 17.Rc1 Qf6 18.Nc4 Nc6 19.Nb6 Rb8 20.e5 Qf5 21.g4 Qf4 22.Rc4  1-0

[Event "Hastings7273"]
[Site "Hastings"]
[Date "1972.??.??"]
[Round "10"]
[White "Mestel, A Jonathan"]
[Black "Radulov, Ivan"]
[Result "0-1"]
[WhiteElo "2200"]
[BlackElo "2490"]

1.e4 c5 2.Nf3 Nc6 3.Bb5 g6 4.O-O Bg7 5.Re1 e5 6.b4 cxb4 7.a3 Nge7 8.axb4 O-O
9.Ba3 a6 10.Bf1 d6 11.b5 axb5 12.Bxb5 h6 13.d3 Kh7 14.Nbd2 f5 15.Nc4 Rf6
16.h3 g5 17.c3 Ng6 18.d4 fxe4 19.dxe5 Rf4 20.Bxc6 bxc6 21.Nd4 d5 22.g3 dxc4
23.gxf4 Nxf4 24.Qb1 Nd3 25.Rxe4 c5 26.Ne2 Qd5 27.Ng3 Bxe5 28.Re3 Bxh3 29.Ne4 Bf5
30.Rf3 Rg8 31.Bxc5 Bxe4 32.Ra7+ Rg7  0-1

[Event "Las Palmas"]
[Site "Las Palmas"]
[Date "1972.??.??"]
[Round "3"]
[White "Menvielle Lacourrelle, Augusto"]
[Black "Visier Segovia, Fernando"]
[Result "0-1"]
[WhiteElo "2365"]
[BlackElo "2365"]

1.e4 c5 2.Nf3 Nc6 3.Bb5 g6 4.O-O Bg7 5.Re1 Nf6 6.c3 O-O 7.d4 cxd4 8.cxd4 d5
9.e5 Ne4 10.Nc3 Nxc3 11.bxc3 Qa5 12.a4 Bg4 13.Ba3 Qxc3 14.Re3 Qa5 15.Bxc6 bxc6
16.Bxe7 Rfe8 17.Bd6 f6 18.Qe1 Qxe1+ 19.Raxe1 Bxf3 20.Rxf3 fxe5 21.dxe5 Re6
22.Rfe3 Bf8 23.Kf1 Bxd6 24.exd6 Rxe3 25.Rxe3 Rd8 26.Re6 Kf7 27.Re7+ Kf6 28.Rxa7 Rxd6
29.Rxh7 Ke5 30.Ke2 c5 31.h4 Kd4 32.Rh6 Rb6 33.a5 Rb2+ 34.Kf3 c4 35.Rxg6 c3
36.a6 Ra2 37.h5 c2 38.Rc6 Kd3 39.Rc5 Rxa6 40.g4 d4 41.g5 Ra5 42.Rxa5 c1=Q
43.g6 Qd1+ 44.Kg3 Ke4 45.Rg5 Qg1+  0-1

[Event "URS-chT Moscow"]
[Site "Moscow"]
[Date "1972.??.??"]
[Round "?"]
[White "Ivanov, Alexander"]
[Black "Gorchakov, A."]
[Result "1/2-1/2"]
[WhiteElo "2380"]
[BlackElo "2355"]

1.e4 c5 2.Nf3 Nc6 3.Bb5 d6 4.O-O Bd7 5.c3 a6 6.Ba4 Nf6 7.Re1 c4 8.Bc2 Bg4
9.h3 Bh5 10.d4 cxd3 11.Qxd3 e6 12.Nd4 Qc7 13.f4 d5 14.exd5 Nxd4 15.cxd4 Nxd5
16.Bb3 Nb4 17.Qe4 Bg6 18.f5 Bxf5 19.Qxf5 Qxc1 20.Qe4 Qc6 21.d5 Qb6+ 22.Kh1 O-O-O
23.dxe6 fxe6 24.Nc3 Nd3 25.Qxe6+ Qxe6 26.Bxe6+ Kb8 27.Re2 Nf4 28.Re4 Nxe6
29.Rxe6 Bb4 30.Re2 Bxc3 31.bxc3 Rd7 32.Kg1 Rc8 33.Rc1 Rd3 34.Re7 Rc7 35.Rxc7 Kxc7
36.Rc2 Kc6 37.Kf2 h5 38.h4 b5 39.Ke2 Rg3 40.Kf2 Rg4 41.g3 Rc4 42.Re2 Kd6
43.Rd2+ Ke6 44.Re2+ Kf5 45.Re7 g6 46.Rf7+ Ke6 47.Rb7 Ra4 48.Kf3 Ke5 49.Re7+ Kf6
50.Re2 Ra3 51.Re3 Rxa2 52.Ke4 Rd2 53.Rf3+ Ke6 54.Rf8 Rd6 55.Rg8 Kf6 56.Re8 Rb6
57.Rf8+ Ke7 58.Ra8 Kf6 59.Rf8+ Kg7 60.Rc8 a5 61.Ra8 Rc6 62.Rxa5 Rxc3 63.Kf4 b4
64.Rb5 Rc4+ 65.Ke5 Rg4 66.Rb7+ Kf8 67.Kd5 Ke8 68.Kc5 Rxg3 69.Rxb4 Kf7 70.Kd5 g5
71.Rb7+ Kg6 72.hxg5 Re3 73.Kd4 Re6 74.Rb3 Kxg5 75.Re3 Rd6+ 76.Ke5 Rd8 77.Rg3+ Kh4
78.Rg1 Kh3 79.Kf4 Rf8+ 80.Ke3 h4 81.Ke2 Kh2 82.Rg4 h3 83.Rg7  1/2-1/2

[Event "URS-chT Moscow"]
[Site "Moscow"]
[Date "1972.??.??"]
[Round "?"]
[White "Fedorov, Alexei"]
[Black "Golbin, L."]
[Result "1-0"]
[WhiteElo "2200"]
[BlackElo "2200"]

1.e4 c5 2.Nf3 Nc6 3.Bb5 g6 4.O-O Bg7 5.c3 Nf6 6.Re1 O-O 7.h3 Qb6 8.Bf1 d6
9.d4 Nd7 10.Na3 a6 11.Nc4 Qc7 12.a4 b6 13.Bg5 f6 14.Bh4 Kh8 15.Ne3 e5 16.Nd5 Qd8
17.b4 Ne7 18.Qb3 Bb7 19.Nxe7 Qxe7 20.bxc5 dxc5 21.dxe5 Nxe5 22.Nxe5 Qxe5
23.Bg3 Qg5 24.Qxb6 Rf7 25.Bc4 Re7 26.Kh2 Bxe4 27.f3 Rb7 28.Qd6 Bf8 29.Qe6 Re7
30.Qg8+  1-0

[Event "URS-chT Moscow"]
[Site "Moscow"]
[Date "1972.??.??"]
[Round "?"]
[White "Suleimanov, Salman"]
[Black "Golbin, L."]
[Result "1-0"]
[WhiteElo "2200"]
[BlackElo "2200"]

1.e4 c5 2.Nf3 Nc6 3.Bb5 g6 4.c3 Bg7 5.d4 cxd4 6.cxd4 Qb6 7.Nc3 Nxd4 8.Nd5 Nxf3+
9.Qxf3 Qd6 10.Bd2 Kf8 11.Bb4 Qe5 12.O-O Qh5 13.Qa3 Be5 14.Bxe7+ Kg7 15.Bf8+  1-0

[Event "Rubinstein mem"]
[Site "Polanica Zdroj"]
[Date "1972.??.??"]
[Round "9"]
[White "Vasiukov, Evgeni"]
[Black "Haag, Ervin"]
[Result "1-0"]
[WhiteElo "2575"]
[BlackElo "2440"]

1.e4 c5 2.Nf3 Nc6 3.Bb5 e6 4.Bxc6 bxc6 5.c4 Qc7 6.d4 cxd4 7.Qxd4 c5 8.Qd3 Bb7
9.Nc3 a6 10.O-O Ne7 11.Re1 Ng6 12.Nd5 Bxd5 13.exd5 Be7 14.Bg5 Bxg5 15.Nxg5 O-O
16.Rad1 Rab8 17.b3 Qa5 18.Ne4 Rfe8 19.Nd6 Rf8 20.Qd2 Qa3 21.Re3 Rb6 22.Ne4 exd5
23.Qxd5 Qxa2 24.Nxc5 Rf6 25.Qd2 Qxd2 26.Rxd2 Rc6 27.Nxd7 Ra8 28.g3 Nf8 29.Ne5 Rc7
30.Rd6 g6 31.b4 Rb7 32.Nc6 Ne6 33.Ra3 Kg7 34.Ra5 Rb6 35.c5 Rb7 36.h4 h5 37.Kg2 Kf6
38.Ra4 Kg7 39.Kf3 Rc7 40.Ke3 Rb7 41.Kd3  1-0

[Event "Rubinstein mem"]
[Site "Polanica Zdroj"]
[Date "1972.??.??"]
[Round "10"]
[White "Lutikov, Anatoly S"]
[Black "Haag, Ervin"]
[Result "1-0"]
[WhiteElo "2545"]
[BlackElo "2440"]

1.e4 c5 2.Nf3 Nc6 3.Bb5 a6 4.Bxc6 dxc6 5.d3 Qc7 6.e5 Bg4 7.Bf4 e6 8.Nbd2 Ne7
9.h3 Bh5 10.Bh2 h6 11.a4 a5 12.Nc4 Nc8 13.Qe2 Be7 14.O-O O-O 15.g4 Bg6 16.Nfd2 b5
17.Ne3 Qd8 18.Ng2 Nb6 19.axb5 cxb5 20.Ne4 a4 21.Kh1 c4 22.f4 cxd3 23.cxd3 Qd7
24.Rad1 Nd5 25.Qf3 f5 26.exf6 Nxf6 27.Nh4 Bh7 28.f5 exf5 29.Nxf5 Bxf5 30.gxf5 a3
31.bxa3 Rxa3 32.Rg1 Rf7 33.Be5 Nxe4 34.dxe4 Rxf3 35.Rxd7 Rxh3+ 36.Bh2 Bg5
37.Rxf7 Kxf7 38.Rf1 Bf6 39.Kg2 Re3 40.Rb1 Re2+ 41.Kh3 h5 42.Rxb5 Re3+ 43.Kg2 Rxe4
44.Kf3 Rc4 45.Rb8 Rc3+ 46.Ke4 h4 47.Bd6 g5 48.Rf8+ Kg7 49.Rxf6 Rc4+ 50.Ke5 h3
51.Rg6+ Kf7 52.Rxg5 Rh4 53.Rg1 Ra4 54.Bc7 Rb4 55.Rh1 Rb3 56.Kf4 Rb4+ 57.Kg5 Rb3
58.Be5 Re3 59.Kf4 Rb3 60.Kg4 Rb5 61.Bf4  1-0

[Event "Skopje ol (Men) prel"]
[Site "Skopje"]
[Date "1972.??.??"]
[Round "1"]
[White "Ciocaltea, Victor"]
[Black "Grumer, Eugene"]
[Result "1-0"]
[WhiteElo "2470"]
[BlackElo "2200"]

1.e4 c5 2.Nf3 Nc6 3.Bb5 a6 4.Bxc6 dxc6 5.d3 Bg4 6.h3 Bxf3 7.Qxf3 Nf6 8.e5 Nd5
9.e6 f6 10.O-O g6 11.Nd2 Bg7 12.a3 f5 13.Ne4 Qb6 14.Ng5 O-O 15.Re1 Qa5 16.Re2 Rad8
17.c4 Nc7 18.Rb1 Ne8 19.b4 cxb4 20.axb4 Qa4 21.Be3 Bc3 22.Bc5 Nd6 23.d4 h6
24.Nf7 Ne4 25.Rxe4 fxe4 26.Qxc3 Qa2 27.Ra1 Qe2 28.Bxe7 Rxf7 29.exf7+ Kxf7
30.d5 Kxe7 31.Qe5+ Kd7 32.Qe6+ Kc7 33.d6+ Kb8 34.d7 Rf8 35.Qd6+  1-0

[Event "Skopje ol (Men) prel"]
[Site "Skopje"]
[Date "1972.??.??"]
[Round "1"]
[White "Sharif, Mershad"]
[Black "Kane, George Francis"]
[Result "1/2-1/2"]
[WhiteElo "2330"]
[BlackElo "2200"]

1.e4 c5 2.Nf3 Nc6 3.Bb5 g6 4.O-O Bg7 5.c3 e5 6.Na3 Nge7 7.d3 O-O 8.Be3 d6
9.h3 a6 10.Bxc6 Nxc6 11.Nh2 Be6 12.Qd2 b5 13.Nc2 Qd7 14.Bh6 d5 15.Bxg7 Kxg7
16.exd5 Qxd5 17.f4 e4 18.f5 gxf5 19.Qg5+ Kh8 20.Qf6+ Kg8 21.Qg5+ Kh8 22.Qf6+ Kg8  1/2-1/2

[Event "Skopje ol (Men) prel"]
[Site "Skopje"]
[Date "1972.??.??"]
[Round "1"]
[White "Trikaliotis, Georgios"]
[Black "Letzelter, Jean Claude"]
[Result "1-0"]
[WhiteElo "2200"]
[BlackElo "2200"]

1.e4 c5 2.Nf3 Nc6 3.Bb5 g6 4.O-O Bg7 5.c3 Qb6 6.Na3 a6 7.Ba4 Qa7 8.Bxc6 dxc6
9.h3 e5 10.Nc4 Be6 11.Ncxe5 f6 12.Ng4 O-O-O 13.Ne3 Ne7 14.Qc2 h5 15.d4 g5
16.dxc5 Qxc5 17.Nd4 Bd7 18.b4 Qe5 19.a4 Ng6 20.Nef5 Bf8 21.Bb2 c5 22.bxc5 Bxc5
23.c4 Qc7 24.Rfd1 g4 25.Nb3 Ba7 26.Bxf6 Rdf8 27.Bxh8 Bxf5 28.exf5 gxh3 29.Qe4 Qg3
30.Qe6+ Kc7 31.Rd7+ Kb8 32.Rxb7+ Kxb7 33.Na5+ Kc7 34.Qc6+  1-0

[Event "Skopje ol (Men) prel"]
[Site "Skopje"]
[Date "1972.??.??"]
[Round "3"]
[White "Hug, Werner"]
[Black "Rodriguez Vargas, Orestes"]
[Result "1/2-1/2"]
[WhiteElo "2475"]
[BlackElo "2425"]

1.e4 c5 2.Nf3 Nc6 3.Bb5 g6 4.O-O Bg7 5.c3 e5 6.d4 exd4 7.cxd4 cxd4 8.Bf4 a6
9.Bc4 d6 10.Nbd2 Nge7 11.Nb3 O-O 12.Nfxd4 Nb4 13.Qd2 d5 14.exd5 Nbxd5 15.Be3 Nxe3
16.fxe3  1/2-1/2

[Event "Skopje ol (Men) prel"]
[Site "Skopje"]
[Date "1972.??.??"]
[Round "4"]
[White "Myagmarsuren, Lhamsuren"]
[Black "Hasan, HM."]
[Result "1-0"]
[WhiteElo "2380"]
[BlackElo "2380"]

1.e4 c5 2.Nf3 Nc6 3.Bb5 Nd4 4.Nxd4 cxd4 5.c3 e6 6.cxd4 Qb6 7.Qa4 Nf6 8.Nc3 a6
9.O-O Qa7 10.Be2 b5 11.Qc2 Qxd4 12.Bxb5 Nxe4 13.Bxd7+ Bxd7 14.Qxe4 Qxe4 15.Nxe4 Bb5
16.Re1 Bd3 17.b3 Rd8 18.Bb2 Bxe4 19.Rxe4 Rxd2 20.Bc3 Rd8 21.Ra4 Rc8 22.Rc1 Rc6
23.Bb2 Rxc1+ 24.Bxc1 Bc5 25.Rxa6 Kd7 26.Be3 Rc8 27.Bxc5 Rxc5 28.Ra7+ Kd6
29.g3 Rf5 30.Kg2 h5 31.h4 g6 32.b4 Kc6 33.a4 f6 34.Ra6+ Kd7 35.Ra5 e5 36.Rc5 e4
37.Rxf5 gxf5 38.b5 Kc7 39.a5 Kb7 40.Kf1  1-0

[Event "Skopje ol (Men) fin-B"]
[Site "Skopje"]
[Date "1972.??.??"]
[Round "6"]
[White "Myagmarsuren, Lhamsuren"]
[Black "Kraidman, Yair"]
[Result "0-1"]
[WhiteElo "2380"]
[BlackElo "2455"]

1.e4 c5 2.Nf3 Nc6 3.Bb5 g6 4.O-O Bg7 5.Re1 Nf6 6.Nc3 O-O 7.d3 Nd4 8.Bc4 d6
9.e5 dxe5 10.Nxe5 b6 11.Bg5 Bb7 12.Qd2 a6 13.a4 Ra7 14.h3 Nd5 15.Ng4 Nxc3
16.bxc3 Nf5 17.Ne3 Nd6 18.Bb3 Bc6 19.Nc4 Nf5 20.Ne3 Nxe3 21.Bxe3 Qa8 22.f3 a5
23.Bh6 Rd7 24.Bxg7 Kxg7 25.Bc4 Qd8 26.Reb1 Rd6 27.Bb5 Bd5 28.c4 Bb7 29.Re1 Rd4
30.Qe3 e6 31.Qe5+ Kg8 32.Re3 Qd6 33.Qxd6 Rxd6 34.Rae1 Kg7 35.R1e2 Kf6 36.Kf2 g5
37.Re5 Rd4 38.R2e3 h5 39.Kg3 Rg8 40.Kf2 h4 41.Re2 Ke7 42.Re1 Rd6 43.Kg1 Rg7
44.Kh2 f6 45.R5e2 Rg8 46.Rf1 f5 47.Rfe1 Bc8 48.Re5 Kf6 49.R5e2 Rg7 50.Rd1 Bb7
51.Rf1 Ke7 52.Rfe1 Kf6 53.Rf1 e5 54.Rfe1 Re7 55.Rf1 Rd4 56.Ref2 Re6 57.Kg1 Red6
58.Re2 Rf4 59.Ref2 Rdd4 60.Kh2 Ke6 61.Kg1 e4 62.Re2 Kf6 63.Rfe1 Rd6 64.fxe4 fxe4
65.Re3 Rd4 66.R1e2 g4 67.hxg4 Kg5 68.dxe4 Rd1+ 69.Re1 Rxe1+ 70.Rxe1 Rxe4
71.Rxe4 Bxe4 72.c3 Kxg4 73.Kf2 Kf4 74.Bd7 Bc2 75.Bb5 Bb3 76.Ke2 Kg3  0-1

[Event "Skopje ol (Men) prel"]
[Site "Skopje"]
[Date "1972.??.??"]
[Round "6"]
[White "Torre, Eugenio"]
[Black "Gheorghiu, Florin"]
[Result "1-0"]
[WhiteElo "2400"]
[BlackElo "2520"]

1.e4 c5 2.Nf3 Nc6 3.Bb5 g6 4.O-O Bg7 5.c3 Nf6 6.Re1 O-O 7.d4 cxd4 8.cxd4 d5
9.e5 Ne4 10.Nc3 Nxc3 11.bxc3 Qa5 12.a4 Bg4 13.Re3 Rfc8 14.h3 Bxf3 15.Rxf3 a6
16.Bf1 e6 17.Bg5 Qc7 18.h4 h6 19.Bf6 Ne7 20.h5 g5 21.Bd3 Nf5 22.Rb1 Bxf6
23.exf6 Nh4 24.Re3 Qd8 25.g3 Nf5 26.Bxf5 exf5 27.Re7 Rc6 28.Rbxb7 Rxf6 29.Qe2 Qd6
30.Rbd7 Qc6 31.Rc7 Qd6 32.Re8+ Rxe8 33.Qxe8+ Qf8 34.Qd7 Kg7 35.Rc8 Rd6 36.Qc7  1-0

[Event "Skopje ol (Men) fin-B"]
[Site "Skopje"]
[Date "1972.??.??"]
[Round "6"]
[White "Biyiasas, Peter"]
[Black "Suradiradja, Herman"]
[Result "1-0"]
[WhiteElo "2390"]
[BlackElo "2200"]

1.e4 c5 2.Nf3 Nc6 3.Bb5 g6 4.O-O Bg7 5.c3 e6 6.d4 cxd4 7.cxd4 Qb6 8.Na3 d5
9.exd5 exd5 10.Re1+ Ne7 11.Bf4 Be6 12.Bd6 O-O 13.Bxc6 Nxc6 14.Bc5 Qxb2 15.Re3 Na5
16.Rb1 Qxa2  1-0

[Event "Skopje ol (Men) prel"]
[Site "Skopje"]
[Date "1972.??.??"]
[Round "7"]
[White "Diez del Corral, Jesus"]
[Black "Hasan, HM."]
[Result "1-0"]
[WhiteElo "2470"]
[BlackElo "2380"]

1.e4 c5 2.Nf3 Nc6 3.Bb5 Nd4 4.Nxd4 cxd4 5.a4 a6 6.Bc4 e6 7.O-O d6 8.d3 Nf6
9.Bg5 Be7 10.Nd2 O-O 11.a5 h6 12.Bxf6 Bxf6 13.f4 b6 14.Qh5 b5 15.Bb3 Qc7
16.Nf3 Bb7 17.g4 Qc5 18.g5 hxg5 19.Nxg5 Bxg5 20.fxg5 Qe5 21.Rf3 g6 22.Qh4 Qh8
23.Qg4 Qe5 24.Raf1 Rae8 25.Qh4 d5 26.Rh3 Qg7 27.e5 Rc8 28.Qxd4 Rc7 29.Rf4 Rfc8
30.Rfh4 Rc5 31.Qf4 R8c7 32.Qf6 Rd7 33.Rh8+  1-0

[Event "Skopje ol (Men) fin-C"]
[Site "Skopje"]
[Date "1972.??.??"]
[Round "9"]
[White "Coldrick, A."]
[Black "Figueirido, Mario"]
[Result "0-1"]
[WhiteElo "2200"]
[BlackElo "2200"]

1.e4 c5 2.Nf3 Nc6 3.Bb5 a6 4.Bxc6 dxc6 5.b3 Nf6 6.Nc3 Bg4 7.e5 Nd5 8.Bb2 Nxc3
9.Bxc3 Qd5 10.h3 Bh5 11.Qe2 e6 12.g4 Bg6 13.d3 Be7 14.O-O-O a5 15.Nd2 b5
16.f4 a4 17.Rhf1 f5 18.exf6 Bxf6 19.Bxf6 gxf6 20.f5 axb3 21.Nxb3 Rxa2 22.fxg6 Qxb3
23.cxb3 Rxe2 24.Rxf6 hxg6 25.Rd2 Re3 26.Rdf2 Rhxh3 27.Rxg6 Kd7 28.Kc2 Rxd3
29.Re2 Rc3+ 30.Kb2 Rxb3+ 31.Ka2 Rbe3 32.Rd2+ Rd3 33.Re2 Rhe3 34.Rf2 c4  0-1

[Event "Skopje ol (Men) fin-A"]
[Site "Skopje"]
[Date "1972.??.??"]
[Round "13"]
[White "Padevsky, Nikola"]
[Black "Kane, George Francis"]
[Result "1/2-1/2"]
[WhiteElo "2430"]
[BlackElo "2200"]

1.e4 c5 2.Nf3 Nc6 3.Bb5 g6 4.O-O Bg7 5.c3 Nf6 6.Re1 O-O 7.d3 d6 8.Bxc6 bxc6
9.h3 Ne8 10.Nbd2 Nc7 11.Nc4 e5 12.Nh2 Ne6 13.Ng4 Kh8 14.Qf3 Qe7 15.Nh6 Bd7
16.Kh1 Be8 17.Ng4 f5 18.exf5 gxf5 19.Nh2 Rd8 20.Qe2 f4 21.f3 Rg8 22.Bd2 h5
23.Rad1 Bf6 24.Qf1 Qh7 25.Qe2 Ng7 26.Rg1 Nf5 27.Nf1 Rd7 28.Be1 Rdg7 29.Bf2 Bd7
30.Ncd2 Bh4 31.Ne4 Rg6 32.Bxh4 Nxh4 33.Nxd6 Nxf3  1/2-1/2

[Event "Skopje ol (Men) fin-B"]
[Site "Skopje"]
[Date "1972.??.??"]
[Round "13"]
[White "Biyiasas, Peter"]
[Black "Paoli, Enrico"]
[Result "1/2-1/2"]
[WhiteElo "2390"]
[BlackElo "2300"]

1.e4 c5 2.Nf3 Nc6 3.Bb5 e6 4.O-O Nge7 5.c3 a6 6.Ba4 b5 7.Bc2 Bb7 8.d4 cxd4
9.Nxd4 e5 10.Nxc6 dxc6 11.Be3 Ng6 12.Nd2 Qc7 13.a4 Be7 14.Nb3 c5 15.axb5 axb5
16.Qe2 Qb6 17.Rxa8+ Bxa8 18.Ra1 O-O 19.f3 Nf4 20.Qf2 Ne6 21.Bd3 Bc6 22.Bf1 Ra8
23.Qe1 Ra4 24.Qb1 Qa6 25.Rxa4 Qxa4 26.Nd2 h6 27.Bd3 Bg5 28.Bxg5 hxg5 29.Kf1 c4
30.Bc2 Qa5 31.Qc1 Bb7 32.Bd1 Ba6 33.Be2 Nf4 34.g3 Ne6 35.b4 cxb3 36.Nxb3 Qa2
37.Qa1 Qxb3 38.Qxa6 Qxc3 39.Qxb5 Qa1+ 40.Kg2 Qe1 41.Bc4 Qd2+ 42.Kh3 g4+ 43.Kxg4 Qg5+
44.Kh3 Qh6+ 45.Kg2 Qd2+  1/2-1/2

[Event "SWE-ch"]
[Site "?"]
[Date "1972.??.??"]
[Round "6"]
[White "Kinnmark, Ove"]
[Black "Sperber, Goran"]
[Result "1-0"]
[WhiteElo "2410"]
[BlackElo "2200"]

1.e4 c5 2.Nf3 Nc6 3.Bb5 g6 4.O-O Bg7 5.c3 Qb6 6.Ba4 Nf6 7.Re1 O-O 8.h3 Rd8
9.d4 cxd4 10.cxd4 d5 11.e5 Ne4 12.Nc3 h5 13.Bc2 Bf5 14.Ne2 Rac8 15.Bb1 Kh7
16.Nh4 Nxe5 17.Nxf5 gxf5 18.Ng3 Nxg3 19.fxg3 e6 20.Kh2 Nc6 21.Qxh5+ Kg8 22.g4 Nxd4
23.gxf5 Nxf5 24.Bxf5 exf5 25.Qxf5 Qg6 26.Qxg6 fxg6 27.Bg5 Rd7 28.Re2 d4 29.Rd1 Rc5
30.h4 Rdc7 31.Rdd2 Ra5 32.Bd8 Rac5 33.Bxc7 Rxc7 34.Kg3 Kf7 35.b3 Rd7  1-0